<?xml version="1.0" encoding="UTF-8"?><?xml-stylesheet type="text/xsl" href="static/style.xsl"?><OAI-PMH xmlns="http://www.openarchives.org/OAI/2.0/" xmlns:xsi="http://www.w3.org/2001/XMLSchema-instance" xsi:schemaLocation="http://www.openarchives.org/OAI/2.0/ http://www.openarchives.org/OAI/2.0/OAI-PMH.xsd"><responseDate>2026-04-28T11:35:18Z</responseDate><request verb="GetRecord" identifier="oai:riubu.ubu.es:10259/5666" metadataPrefix="marc">https://riubu.ubu.es/oai/request</request><GetRecord><record><header><identifier>oai:riubu.ubu.es:10259/5666</identifier><datestamp>2021-11-02T12:04:40Z</datestamp><setSpec>com_10259_4201</setSpec><setSpec>com_10259_5086</setSpec><setSpec>com_10259_2604</setSpec><setSpec>col_10259_4505</setSpec></header><metadata><record xmlns="http://www.loc.gov/MARC21/slim" xmlns:doc="http://www.lyncode.com/xoai" xmlns:xsi="http://www.w3.org/2001/XMLSchema-instance" xmlns:dcterms="http://purl.org/dc/terms/" xsi:schemaLocation="http://www.loc.gov/MARC21/slim http://www.loc.gov/standards/marcxml/schema/MARC21slim.xsd">
<leader>00925njm 22002777a 4500</leader>
<datafield tag="042" ind1=" " ind2=" ">
<subfield code="a">dc</subfield>
</datafield>
<datafield tag="720" ind1=" " ind2=" ">
<subfield code="a">Martínez Pañeda, Emilio</subfield>
<subfield code="e">author</subfield>
</datafield>
<datafield tag="720" ind1=" " ind2=" ">
<subfield code="a">Díaz Portugal, Andrés</subfield>
<subfield code="e">author</subfield>
</datafield>
<datafield tag="720" ind1=" " ind2=" ">
<subfield code="a">Wright, Louise</subfield>
<subfield code="e">author</subfield>
</datafield>
<datafield tag="720" ind1=" " ind2=" ">
<subfield code="a">Turnbull, Alan</subfield>
<subfield code="e">author</subfield>
</datafield>
<datafield tag="260" ind1=" " ind2=" ">
<subfield code="c">2020-08</subfield>
</datafield>
<datafield tag="520" ind1=" " ind2=" ">
<subfield code="a">We present a generalised framework for resolving the electrochemistry-diffusion interface and modelling hydrogen transport near a crack tip. The adsorption and absorption kinetics are captured by means of Neumann-type generalised boundary conditions. The diffusion model includes the role of trapping, with a constant or evolving trap density, and the influence of the hydrostatic stress. Both conventional plasticity and strain gradient plasticity are used to model the mechanical behaviour of the solid. Notable differences are found in the estimated crack tip hydrogen concentrations when comparing with the common procedure of prescribing a constant hydrogen concentration at the crack surfaces.</subfield>
</datafield>
<datafield tag="024" ind2=" " ind1="8">
<subfield code="a">0010-938X</subfield>
</datafield>
<datafield tag="024" ind2=" " ind1="8">
<subfield code="a">http://hdl.handle.net/10259/5666</subfield>
</datafield>
<datafield tag="024" ind2=" " ind1="8">
<subfield code="a">10.1016/j.corsci.2020.108698</subfield>
</datafield>
<datafield ind1=" " ind2=" " tag="653">
<subfield code="a">Hydrogen</subfield>
</datafield>
<datafield ind1=" " ind2=" " tag="653">
<subfield code="a">Diffusion</subfield>
</datafield>
<datafield ind1=" " ind2=" " tag="653">
<subfield code="a">Finite element analysis</subfield>
</datafield>
<datafield ind1=" " ind2=" " tag="653">
<subfield code="a">Environmentally assisted cracking</subfield>
</datafield>
<datafield ind1=" " ind2=" " tag="653">
<subfield code="a">Trapping</subfield>
</datafield>
<datafield tag="245" ind1="0" ind2="0">
<subfield code="a">Generalised boundary conditions for hydrogen transport at crack tips</subfield>
</datafield>
</record></metadata></record></GetRecord></OAI-PMH>